[Event "Lichtenrader Herbst 2007"]
[Site "?"]
[Date "2007.10.18"]
[Round "5.7"]
[White "Figura, Atila Gajo"]
[Black "Salzberg, Gregor"]
[Result "1/2-1/2"]
[WhiteElo "2413"]
[BlackElo "2142"]
[PlyCount "207"]
[EventDate "2007.??.??"]

1. d4 e6 2. c4 Nf6 3. Nc3 d5 4. cxd5 exd5 5. Bg5 Be7 6. e3 c6 7. Bd3 O-O 8. Qc2
Nbd7 9. Nf3 Re8 10. h3 Nf8 11. Bf4 Be6 12. O-O Nh5 13. Bh2 g6 14. Rab1 Ng7 15.
b4 a6 16. Na4 Bd6 17. Bxd6 Qxd6 18. Nc5 Re7 19. a4 Bf5 20. Rfc1 Nfe6 21. Qd2
Nxc5 22. dxc5 Qf6 23. Bxf5 Nxf5 24. b5 axb5 25. axb5 Re4 26. bxc6 bxc6 27. Rb6
Rea4 28. Qxd5 Ra1 29. Qd1 R1a2 30. Qd7 Ra1 31. Rcb1 Kg7 32. e4 Rd8 33. Qc7 Rd1+
34. Rxd1 Rxd1+ 35. Kh2 Nd4 36. Qg3 Nxf3+ 37. Qxf3 Qe5+ 38. g3 Rc1 39. Rxc6 Rxc5
40. Rxc5 Qxc5 41. Qf4 f6 42. Qd2 Qa7 43. Kg2 Qe7 44. Qd4 Qc7 45. Qd5 Qe7 46. h4
Qc7 47. Qd4 h5 48. Qd3 Qa7 49. f4 Qa2+ 50. Kf3 Qa1 51. Qd7+ Kg8 52. Qd8+ Kg7
53. Qc7+ Kg8 54. e5 Qh1+ 55. Ke3 Qe1+ 56. Kd4 fxe5+ 57. fxe5 Qxg3 58. Qd8+ Kh7
59. Qe7+ Kg8 60. Qe8+ Kg7 61. Qd7+ Kg8 62. e6 Qxh4+ 63. Kd5 Qg5+ 64. Kc6 Qf6
65. Kc7 Qe5+ 66. Kc8 Qc5+ 67. Qc7 Qf5 68. Qd8+ Kg7 69. Qd7+ Kh6 70. e7 Qc5+ 71.
Kd8 Qg5 72. Qd4 Qa5+ 73. Ke8 Kh7 74. Kf7 Qf5+ 75. Qf6 Qd5+ 76. Qe6 Qf3+ 77. Ke8
Qa8+ 78. Kd7 Qb7+ 79. Kd8 Qa8+ 80. Qc8 Qd5+ 81. Qd7 Qa5+ 82. Qc7 Qa8+ 83. Kd7
Qd5+ 84. Qd6 Qb5+ 85. Qc6 Qf5+ 86. Kd8 Qa5+ 87. Kc8 Qf5+ 88. Kb7 Qf7 89. Qd7
Qf3+ 90. Kb8 Qf4+ 91. Ka8 Qf3+ 92. Qb7 Qa3+ 93. Kb8 Qd6+ 94. Qc7 Qb4+ 95. Kc8
Qg4+ 96. Qd7 Qc4+ 97. Kb7 Qe4+ 98. Ka7 Qe3+ 99. Kb8 Qe5+ 100. Kb7 Qe4+ 101. Ka6
Qe2+ 102. Kb6 Qe3+ 103. Kc7 Qa7+ 104. Kc6 1/2-1/2

[Event "Lichtenrader Herbst 2007"]
[Site "?"]
[Date "2007.10.18"]
[Round "5.8"]
[White "Welz, Peter"]
[Black "Wendt, Jan-Dietrich"]
[Result "0-1"]
[WhiteElo "2139"]
[BlackElo "2364"]
[PlyCount "66"]
[EventDate "2007.??.??"]

1. e4 d6 2. d4 Nf6 3. Nc3 g6 4. f4 Bg7 5. Nf3 O-O 6. Bd3 Na6 7. O-O c5 8. Bxa6
cxd4 9. e5 dxc3 10. bxc3 Qb6+ 11. Nd4 dxe5 12. fxe5 Qxa6 13. exf6 Bxf6 14. Bh6
Rd8 15. Qf3 Bd7 16. Rae1 Be8 17. Kh1 Rac8 18. Re3 Rc5 19. Rfe1 Bc6 20. Qg3 Rh5
21. Qc7 Qb6 22. Qxb6 axb6 23. Bf4 Ra8 24. Bc7 b5 25. h3 Kg7 26. Kh2 Rxa2 27.
R1e2 Rc5 28. Bd8 Bxd4 29. cxd4 Rcxc2 30. Rxc2 Rxc2 31. Kg3 g5 32. Kg4 Kg6 33.
h4 Rxg2+ 0-1

[Event "Lichtenrader Herbst 2007"]
[Site "?"]
[Date "2007.10.18"]
[Round "5.9"]
[White "Prudlo, Simon"]
[Black "Shapiro, Yosip"]
[Result "1-0"]
[WhiteElo "2245"]
[BlackElo "2132"]
[PlyCount "71"]
[EventDate "2007.??.??"]

1. e4 e5 2. Bc4 Nf6 3. d3 Nc6 4. Nf3 Be7 5. O-O O-O 6. c3 d6 7. Bb3 Na5 8. Bc2
c5 9. Re1 Nc6 10. Nbd2 Bg4 11. h3 Bh5 12. Nf1 Qc7 13. Ng3 Bg6 14. Nh4 Nd7 15.
Nhf5 Bf6 16. Bb3 Na5 17. Bd5 Nb6 18. Qf3 Nxd5 19. exd5 b6 20. Ne4 Be7 21. g4
Nb7 22. Kh1 Qd8 23. c4 h6 24. Rg1 Bg5 25. Be3 Bxe3 26. fxe3 f6 27. Raf1 Qd7 28.
Qg3 Bxf5 29. gxf5 Rf7 30. Qg6 Kf8 31. Qh7 Rd8 32. Qh8+ Ke7 33. Qxg7 Qc8 34. Qg6
Rh8 35. Nxf6 Rxf6 36. Qg7+ 1-0

[Event "Lichtenrader Herbst 2007"]
[Site "?"]
[Date "2007.10.18"]
[Round "5.10"]
[White "Issel, Oliver"]
[Black "von Wantoch Rekowski, Danijela"]
[Result "0-1"]
[WhiteElo "2113"]
[BlackElo "2242"]
[PlyCount "38"]
[EventDate "2007.??.??"]

1. g3 e5 2. c4 Nc6 3. Bg2 Nf6 4. Nc3 Be7 5. e4 d6 6. Nge2 Be6 7. Nd5 Nd4 8.
Nxd4 exd4 9. O-O c6 10. Nxe7 Qxe7 11. d3 Qd7 12. Bg5 Ng8 13. b4 f6 14. Bd2 Ne7
15. a4 O-O 16. Qe2 f5 17. Rfe1 Rae8 18. Bh3 Ng6 19. Bg2 d5 0-1

[Event "Lichtenrader Herbst 2007"]
[Site "?"]
[Date "2007.10.18"]
[Round "5.11"]
[White "Behrmann, Joachim"]
[Black "Benninger, Rudolf"]
[Result "1-0"]
[WhiteElo "2212"]
[BlackElo "2130"]
[PlyCount "41"]
[EventDate "2007.??.??"]

1. d4 g6 2. c4 Bg7 3. Nc3 c5 4. d5 d6 5. e4 e6 6. Bd3 Nf6 7. h3 O-O 8. Nf3 exd5
9. exd5 Re8+ 10. Be3 Nh5 11. O-O f5 12. Bg5 Qb6 13. Re1 Rxe1+ 14. Qxe1 h6 15.
Qe8+ Kh7 16. Nh4 hxg5 17. Qxg6+ Kg8 18. Qe8+ Bf8 19. Ng6 Qc7 20. Qxf8+ Kh7 21.
Ne7 1-0

[Event "Lichtenrader Herbst 2007"]
[Site "?"]
[Date "2007.10.18"]
[Round "5.12"]
[White "Heuer, Thomas"]
[Black "Poppner, Dietmar"]
[Result "1/2-1/2"]
[WhiteElo "2188"]
[BlackElo "2112"]
[PlyCount "28"]
[EventDate "2007.??.??"]

1. d4 Nf6 2. Nf3 d5 3. c4 c6 4. Nc3 dxc4 5. a4 Bf5 6. e3 e6 7. Bxc4 Bb4 8. O-O
Nbd7 9. Qe2 Ne4 10. Nxe4 Bxe4 11. Bd3 Nf6 12. Bxe4 Nxe4 13. Nd2 Nf6 14. Nf3 Ne4
1/2-1/2

[Event "Lichtenrader Herbst 2007"]
[Site "?"]
[Date "2007.10.18"]
[Round "5.13"]
[White "Hahlbohm, Matthias"]
[Black "Vandré, Wolfgang"]
[Result "0-1"]
[WhiteElo "2111"]
[BlackElo "2172"]
[PlyCount "82"]
[EventDate "2007.??.??"]

1. e4 c5 2. Nf3 d6 3. d4 cxd4 4. Nxd4 Nf6 5. Nc3 a6 6. Be2 e5 7. Nf3 Be7 8. O-O
h6 9. h3 Be6 10. Be3 Nbd7 11. a4 Rc8 12. a5 Rxc3 13. bxc3 Nxe4 14. c4 O-O 15.
Qd3 f5 16. Rfd1 Ndc5 17. Qa3 Qc7 18. Rab1 Rc8 19. Rb6 Nd7 20. Rb2 f4 21. Nd2
Nef6 22. Bb6 Nxb6 23. Rxb6 Nd7 24. Rb2 Nc5 25. Bf3 e4 26. Bg4 Bxg4 27. hxg4 Bf6
28. Rb6 Qd7 29. Qh3 Be5 30. Nb3 Ne6 31. g5 hxg5 32. Qf5 Qf7 33. Qxe4 f3 34. g3
Re8 35. Qg4 Rf8 36. Rd3 Nd8 37. Nd2 Nc6 38. Nxf3 Bf6 39. Nd2 Ne5 40. Ne4 Nxg4
41. Nxd6 Qh5 0-1

[Event "Lichtenrader Herbst 2007"]
[Site "?"]
[Date "2007.10.18"]
[Round "5.14"]
[White "Günther, Thomas"]
[Black "Dimitrijeski, Kristian"]
[Result "0-1"]
[WhiteElo "2164"]
[BlackElo "2108"]
[PlyCount "71"]
[EventDate "2007.??.??"]

1. Nf3 Nf6 2. c4 b6 3. Nc3 Bb7 4. d4 e6 5. a3 Be7 6. d5 exd5 7. cxd5 O-O 8. e4
d6 9. Bd3 Nbd7 10. Nd4 Nc5 11. Bc2 a5 12. O-O Re8 13. f3 Nfd7 14. Rb1 Bf6 15.
b4 axb4 16. axb4 Bxd4+ 17. Qxd4 Na6 18. Ba4 Rf8 19. Ne2 Nab8 20. Bb2 Nf6 21. b5
Nbd7 22. Bc2 Nc5 23. g4 h6 24. Ng3 Bc8 25. Rf2 Ra5 26. Bc3 Ra2 27. h4 Ne8 28.
Nh5 f6 29. Rg2 Qe7 30. g5 hxg5 31. hxg5 fxg5 32. f4 Bh3 33. Rxg5 Rxc2 34. Nxg7
Qxg5+ 35. fxg5 Rff2 36. Rb2 0-1

[Event "Lichtenrader Herbst 2007"]
[Site "?"]
[Date "2007.10.18"]
[Round "5.15"]
[White "Kachibadze, Georg"]
[Black "Cusnariov, Nicolai"]
[Result "1/2-1/2"]
[WhiteElo "2062"]
[BlackElo "2158"]
[PlyCount "42"]
[EventDate "2007.??.??"]

1. e4 e5 2. Nf3 Nf6 3. Nc3 Nc6 4. Bc4 Nxe4 5. Nxe4 d5 6. Bd3 dxe4 7. Bxe4 Qd6
8. Qe2 Be7 9. d3 O-O 10. O-O f6 11. Re1 Bg4 12. Bxc6 bxc6 13. Qe4 Be6 14. d4
Bd5 15. dxe5 fxe5 16. Qxe5 Bxf3 17. gxf3 Qxe5 18. Rxe5 Bf6 19. Re3 Rab8 20. Rb3
Rbe8 21. Re3 Rb8 1/2-1/2

[Event "Lichtenrader Herbst 2007"]
[Site "?"]
[Date "2007.10.18"]
[Round "5.16"]
[White "Schalla, Dieter"]
[Black "Spieß, Gregor"]
[Result "0-1"]
[WhiteElo "2154"]
[BlackElo "2075"]
[PlyCount "72"]
[EventDate "2007.??.??"]

1. c4 Nf6 2. Nc3 g6 3. e4 d6 4. d4 Bg7 5. Be2 O-O 6. Bg5 Nbd7 7. Qd2 c5 8. d5
a6 9. Nf3 Rb8 10. Qc2 Qa5 11. Bd2 Ng4 12. O-O Qc7 13. Ng5 Nh6 14. Qc1 Kh8 15.
Ne6 fxe6 16. Bxh6 e5 17. Bxg7+ Kxg7 18. f4 exf4 19. Rxf4 Rxf4 20. Qxf4 Ne5 21.
Rf1 Bd7 22. Nd1 Qd8 23. Ne3 Qe8 24. b3 b5 25. Qg5 Kh8 26. h4 a5 27. cxb5 Bxb5
28. Bxb5 Rxb5 29. Ng4 Nxg4 30. Qxg4 Rb4 31. Qe6 Kg7 32. Re1 Qf7 33. Qd7 Qf6 34.
Rf1 Qd4+ 35. Rf2 Qxe4 36. g3 Rd4 0-1

[Event "Lichtenrader Herbst 2007"]
[Site "?"]
[Date "2007.10.18"]
[Round "5.17"]
[White "Dünzel, Jonas"]
[Black "Maahs, Erich"]
[Result "0-1"]
[WhiteElo "1902"]
[BlackElo "2152"]
[PlyCount "114"]
[EventDate "2007.??.??"]

1. e4 e5 2. Nf3 Nf6 3. Nxe5 d6 4. Nf3 Nxe4 5. Nc3 Nf6 6. d4 Bg4 7. Be2 Be7 8.
O-O O-O 9. h3 Bh5 10. Bf4 Re8 11. Re1 Nbd7 12. Qd2 a6 13. a4 Nb6 14. Bg3 Nbd5
15. Nxd5 Nxd5 16. c3 Nf6 17. Qc2 Qd7 18. Ng5 Bg6 19. Bd3 Bxd3 20. Qxd3 h6 21.
Ne4 Nd5 22. Qf3 c6 23. Nd2 Bf8 24. c4 Nb4 25. Qc3 a5 26. Re3 Re6 27. Rae1 Rae8
28. b3 f5 29. Rxe6 Rxe6 30. Rxe6 Qxe6 31. Qe3 Kf7 32. Bf4 g5 33. Qxe6+ Kxe6 34.
Be3 Bg7 35. d5+ cxd5 36. Bb6 Nc6 37. cxd5+ Kxd5 38. Nc4 Bc3 39. Ne3+ Ke6 40. g4
f4 41. Nf5 h5 42. Bc7 Be5 43. Kf1 hxg4 44. hxg4 f3 45. Bb6 d5 46. Ke1 d4 47.
Kd2 Kd5 48. Kd3 Bf6 49. Kd2 Be5 50. Kd3 Nb4+ 51. Kd2 Bf4+ 52. Kd1 Nc6 53. Kc2
Ke4 54. Bc5 d3+ 55. Kd1 Ne5 56. Nd6+ Kd5 57. Nxb7 Kc6 0-1

[Event "Lichtenrader Herbst 2007"]
[Site "?"]
[Date "2007.10.18"]
[Round "5.18"]
[White "Ober, Wolfgang"]
[Black "Lüders, Gerhard"]
[Result "0-1"]
[WhiteElo "1950"]
[BlackElo "2282"]
[PlyCount "58"]
[EventDate "2007.??.??"]

1. Nf3 d5 2. e3 g6 3. d4 Bg7 4. Nbd2 Nf6 5. Bd3 O-O 6. b3 a5 7. Rb1 a4 8. a3
axb3 9. c3 c5 10. dxc5 Nfd7 11. Nxb3 Bxc3+ 12. Nfd2 Ne5 13. Qc2 Bxd2+ 14. Qxd2
Nxd3+ 15. Qxd3 Bf5 16. Qc3 Bxb1 17. O-O Bf5 18. Bb2 f6 19. Nd4 Bd7 20. Nf3 Bb5
21. Rd1 Be2 22. Rd4 Bxf3 23. gxf3 Nc6 24. Rg4 Ne5 25. Rg3 Nc4 26. Qc2 Nxb2 27.
Rxg6+ Kh8 28. Rh6 Rg8+ 29. Kh1 Rg7 0-1

[Event "Lichtenrader Herbst 2007"]
[Site "?"]
[Date "2007.10.18"]
[Round "5.19"]
[White "Jahnz, Fabian"]
[Black "Stielau, Jens-Uwe"]
[Result "1-0"]
[WhiteElo "2193"]
[BlackElo "1935"]
[PlyCount "33"]
[EventDate "2007.??.??"]

1. e4 d5 2. exd5 Qxd5 3. Nc3 Qd6 4. d4 Nf6 5. Nf3 c6 6. Bd3 Bg4 7. Be3 Nbd7 8.
Qe2 e6 9. O-O-O Nb6 10. h3 Bh5 11. g4 Bg6 12. Ne5 Bxd3 13. Qxd3 Nfd5 14. Ne4
Qb4 15. a3 Qa4 16. Nc5 Qb5 17. c4 1-0

[Event "Lichtenrader Herbst 2007"]
[Site "?"]
[Date "2007.10.18"]
[Round "5.20"]
[White "Hasche, Sven"]
[Black "Gebigke, Martin"]
[Result "1/2-1/2"]
[WhiteElo "1996"]
[BlackElo "2181"]
[PlyCount "59"]
[EventDate "2007.??.??"]

1. d4 Nf6 2. c4 e6 3. Nc3 Bb4 4. Qb3 c5 5. Nf3 Nc6 6. e3 O-O 7. a3 Bxc3+ 8.
Qxc3 d6 9. Be2 Re8 10. O-O e5 11. dxe5 dxe5 12. b4 e4 13. Nd2 Qe7 14. b5 Ne5
15. Bb2 Qc7 16. Rfd1 h5 17. Qc2 Bf5 18. Bxe5 Rxe5 19. Nf1 h4 20. Qd2 Re6 21.
Qc3 Rae8 22. h3 Re5 23. Nh2 Qc8 24. Kh1 Bd7 25. Rd6 Rf5 26. Ng4 Be6 27. Qc2 Rg5
28. Nxf6+ gxf6 29. Bf1 f5 30. Rad1 1/2-1/2

[Event "Lichtenrader Herbst 2007"]
[Site "?"]
[Date "2007.10.19"]
[Round "6.1"]
[White "Korneev, Oleg"]
[Black "Giemsa, Stephan"]
[Result "1-0"]
[WhiteElo "2587"]
[BlackElo "2284"]
[PlyCount "81"]
[EventDate "2007.??.??"]

1. e4 e6 2. d4 d5 3. Nd2 dxe4 4. Nxe4 Nd7 5. Nf3 Ngf6 6. Nxf6+ Nxf6 7. c3 c5 8.
Be3 Qc7 9. Ne5 a6 10. Qa4+ Nd7 11. O-O-O cxd4 12. Nxd7 Bxd7 13. Qxd4 e5 14. Qb6
Qxb6 15. Bxb6 Rc8 16. Be2 Bc5 17. Bxc5 Rxc5 18. Bf3 Rc7 19. Rd6 Kd8 20. Rhd1
Kc8 21. h3 Bc6 22. Bxc6 Rxc6 23. Rd7 Rc7 24. R7d5 Re8 25. Kc2 Rc6 26. R1d2 Re7
27. a4 Kc7 28. a5 b6 29. axb6+ Kxb6 30. Re2 Rc5 31. Rd8 e4 32. f3 f5 33. fxe4
fxe4 34. Kd2 a5 35. Ke3 g5 36. Kd4 Rce5 37. Rd6+ Kb5 38. c4+ Ka4 39. Re3 R5e6
40. c5 Rxd6+ 41. cxd6 1-0

[Event "Lichtenrader Herbst 2007"]
[Site "?"]
[Date "2007.10.19"]
[Round "6.2"]
[White "Marcziter, Dmitrii"]
[Black "Rabiega, Robert"]
[Result "1/2-1/2"]
[WhiteElo "2249"]
[BlackElo "2545"]
[PlyCount "70"]
[EventDate "2007.??.??"]

1. Nf3 Nc6 2. d4 d5 3. Bf4 Bg4 4. Nbd2 e6 5. h3 Bh5 6. c3 Bd6 7. Bxd6 cxd6 8.
e4 Nf6 9. Bd3 O-O 10. O-O Rc8 11. Re1 dxe4 12. Bxe4 Nxe4 13. Rxe4 b5 14. Qb3
Qb6 15. a4 bxa4 16. Qxb6 axb6 17. Rxa4 b5 18. Ra6 Bxf3 19. Nxf3 b4 20. c4 Nb8
21. Rxd6 Rxc4 22. Re2 Rc1+ 23. Kh2 Rc6 24. Rxc6 Nxc6 25. Rc2 Ne7 26. Rc4 Nd5
27. Ne5 Ra8 28. Nd3 Rb8 29. Kg3 Kf8 30. Nf4 Nf6 31. Kf3 Rb7 32. Nd3 Nd5 33. Nf4
Nf6 34. Nd3 Nd5 35. Nf4 Nf6 1/2-1/2

[Event "Lichtenrader Herbst 2007"]
[Site "?"]
[Date "2007.10.19"]
[Round "6.3"]
[White "Lagunow, Alexander"]
[Black "Meißner, Hans-Jürgen"]
[Result "1-0"]
[WhiteElo "2438"]
[BlackElo "2221"]
[PlyCount "49"]
[EventDate "2007.??.??"]

1. d4 Nf6 2. c4 g6 3. g3 Bg7 4. Bg2 d6 5. Nf3 O-O 6. O-O Nc6 7. Nc3 Rb8 8. h3
a6 9. e4 b5 10. e5 dxe5 11. dxe5 Qxd1 12. Rxd1 Nd7 13. e6 fxe6 14. cxb5 axb5
15. Be3 b4 16. Na4 Nb6 17. Nxb6 cxb6 18. Rac1 Nd8 19. Bf4 e5 20. Nxe5 Ne6 21.
Bd5 g5 22. Rxc8 Rbxc8 23. Bxe6+ Kh8 24. Bxc8 gxf4 25. Rd8 1-0

[Event "Lichtenrader Herbst 2007"]
[Site "?"]
[Date "2007.10.19"]
[Round "6.4"]
[White "Wendt, Jan-Dietrich"]
[Black "Behrmann, Joachim"]
[Result "1/2-1/2"]
[WhiteElo "2364"]
[BlackElo "2212"]
[PlyCount "44"]
[EventDate "2007.??.??"]

1. d4 d5 2. Nf3 Nf6 3. c4 e6 4. Nc3 Nbd7 5. Bg5 c6 6. e3 Qa5 7. cxd5 Nxd5 8.
Qd2 N7b6 9. Bd3 Nxc3 10. bxc3 Na4 11. O-O Qxc3 12. Qe2 Qb2 13. Bc2 Qb5 14. Bd3
Qb2 15. Bc2 Qb5 16. Qd1 Nc3 17. Qd2 Ne2+ 18. Kh1 Bb4 19. a4 Bxd2 20. axb5 Bc3
21. bxc6 Bxa1 22. Be4 Bc3 1/2-1/2

[Event "Lichtenrader Herbst 2007"]
[Site "?"]
[Date "2007.10.19"]
[Round "6.5"]
[White "Battaglini, Gabriel"]
[Black "Vandré, Wolfgang"]
[Result "1-0"]
[WhiteElo "2295"]
[BlackElo "2172"]
[PlyCount "63"]
[EventDate "2007.??.??"]

1. Nf3 d5 2. g3 c5 3. Bg2 Nc6 4. O-O e5 5. d3 f6 6. Nbd2 Be6 7. c4 Nge7 8. a3
Qd7 9. Re1 Rd8 10. Qc2 d4 11. Qa4 Nc8 12. Ne4 Be7 13. Rb1 f5 14. Neg5 Bg8 15.
b4 Nb6 16. Qb5 e4 17. bxc5 exf3 18. Bxf3 h6 19. cxb6 hxg5 20. bxa7 Nxa7 21. Qe5
Qe6 22. Qxe6 Bxe6 23. Rxb7 Nc8 24. a4 Nd6 25. Ra7 Nc8 26. Rb7 O-O 27. a5 Rd7
28. a6 Rxb7 29. axb7 Nb6 30. h4 gxh4 31. Bf4 Nd7 32. Ra1 1-0

[Event "Lichtenrader Herbst 2007"]
[Site "?"]
[Date "2007.10.19"]
[Round "6.6"]
[White "Maahs, Erich"]
[Black "Rahls, Peter"]
[Result "1-0"]
[WhiteElo "2152"]
[BlackElo "2258"]
[PlyCount "113"]
[EventDate "2007.??.??"]

1. e4 c5 2. Nf3 e6 3. Nc3 a6 4. d4 cxd4 5. Nxd4 d6 6. Be3 b5 7. Bd3 Bb7 8. a4
b4 9. Na2 Nf6 10. f3 d5 11. e5 Nfd7 12. f4 Bc5 13. Nc1 Bxd4 14. Bxd4 Nc6 15.
Bf2 Qe7 16. Nb3 d4 17. O-O Nc5 18. Nxc5 Qxc5 19. Be4 Rd8 20. Qf3 Qc4 21. Rad1
O-O 22. Qh5 h6 23. Bh4 Rd7 24. Rf3 Ne7 25. Bxb7 Rxb7 26. Bxe7 Rxe7 27. Rd2 d3
28. Rfxd3 Qxf4 29. Qe2 f6 30. Rd4 Qxe5 31. Qxe5 fxe5 32. Rxb4 Rf4 33. Rb8+ Kf7
34. a5 Rc7 35. Rb6 Ra4 36. Rxa6 e4 37. Kf2 Kf6 38. Ke3 Ke5 39. c3 Ra1 40. Rdd6
Re7 41. Rdb6 Re1+ 42. Kf2 Rc1 43. Rb5+ Kf6 44. Rd6 Rf7 45. Rd2 e5 46. Ke3 Kg6
47. Rxe5 Ra7 48. Re6+ Kh7 49. Rd4 Re1+ 50. Kf2 Rb1 51. Rd2 Rb7 52. b4 Rc7 53.
Rxe4 Rxc3 54. Ra2 Rcc1 55. h4 Kg6 56. a6 Kf5 57. a7 1-0

[Event "Lichtenrader Herbst 2007"]
[Site "?"]
[Date "2007.10.19"]
[Round "6.7"]
[White "Dimitrijeski, Kristian"]
[Black "Prudlo, Simon"]
[Result "0-1"]
[WhiteElo "2108"]
[BlackElo "2245"]
[PlyCount "50"]
[EventDate "2007.??.??"]

1. d4 Nf6 2. c4 g6 3. Nc3 Bg7 4. e4 O-O 5. Nge2 d6 6. Ng3 c5 7. d5 e6 8. Be2 a6
9. O-O exd5 10. exd5 b6 11. Bf4 h6 12. Nge4 Ne8 13. g4 Ra7 14. g5 hxg5 15. Bxg5
f6 16. Bf4 g5 17. Bd2 Bh6 18. h4 Rg7 19. Ng3 f5 20. Bd3 f4 21. Nh5 g4 22. Nxg7
Bxg7 23. f3 Bd4+ 24. Kg2 Qxh4 25. Bh7+ Kg7 0-1

[Event "Lichtenrader Herbst 2007"]
[Site "?"]
[Date "2007.10.19"]
[Round "6.8"]
[White "von Wantoch Rekowski, Danij"]
[Black "Spieß, Gregor"]
[Result "1-0"]
[WhiteElo "2242"]
[BlackElo "2075"]
[PlyCount "95"]
[EventDate "2007.??.??"]

1. e4 d5 2. exd5 Nf6 3. d4 Nxd5 4. Nf3 g6 5. Be2 Bg7 6. O-O O-O 7. c4 Nb6 8.
Nc3 Nc6 9. Be3 Bg4 10. c5 Nd5 11. Qb3 Nxc3 12. bxc3 Na5 13. Qb4 b6 14. d5 Qc8
15. h3 Bxf3 16. Bxf3 Nb7 17. cxb6 axb6 18. Qxe7 Bxc3 19. Rac1 Re8 20. Qh4 Be5
21. Bxb6 Rxa2 22. Bxc7 Bxc7 23. Qc4 Rd2 24. Qxc7 Qxc7 25. Rxc7 Nd6 26. Rb1 Rd8
27. g4 h6 28. Rb6 Kf8 29. Kg2 Rd4 30. Rb3 Rf4 31. h4 g5 32. Kg3 Ne4+ 33. Bxe4
Rxe4 34. Rbb7 Rf4 35. Rd7 Ra8 36. Rb3 Rd4 37. hxg5 hxg5 38. Rf3 Ra5 39. Rfxf7+
Ke8 40. d6 Rxd6 41. Rb7 Rb6 42. Rbe7+ Kd8 43. Re3 Rb4 44. Rg7 Rc4 45. Rb3 Rd5
46. Ra3 Rc8 47. Rg8+ Kc7 48. Rc3+ 1-0

[Event "Lichtenrader Herbst 2007"]
[Site "?"]
[Date "2007.10.19"]
[Round "6.9"]
[White "Poppner, Dietmar"]
[Black "Figura, Atila Gajo"]
[Result "0-1"]
[WhiteElo "2112"]
[BlackElo "2413"]
[PlyCount "68"]
[EventDate "2007.??.??"]

1. e4 c5 2. f4 e6 3. Nf3 Nc6 4. Bb5 Nge7 5. c3 a6 6. Be2 d5 7. d3 Ng6 8. O-O
Be7 9. e5 d4 10. c4 Bd7 11. Qe1 f6 12. exf6 gxf6 13. Nh4 f5 14. Nxg6 hxg6 15.
Qg3 Rh6 16. Nd2 Bh4 17. Qf3 Qe7 18. g3 Bf6 19. Nb3 Kf7 20. Qg2 Rah8 21. Bd2
Rxh2 22. Qxh2 Rxh2 23. Kxh2 e5 24. Bf3 e4 25. Rae1 e3 26. Ba5 Nxa5 27. Nxa5 b6
28. Nb3 Qd6 29. Nc1 Bc6 30. Ne2 Bxf3 31. Rxf3 Qc6 32. Ng1 Qa4 33. g4 fxg4 34.
Rg3 Bh4 0-1

[Event "Lichtenrader Herbst 2007"]
[Site "?"]
[Date "2007.10.19"]
[Round "6.10"]
[White "Lüders, Gerhard"]
[Black "Poseck, Steffen"]
[Result "1-0"]
[WhiteElo "2282"]
[BlackElo "2064"]
[PlyCount "35"]
[EventDate "2007.??.??"]

1. d4 c5 2. d5 d6 3. g3 e5 4. dxe6 Bxe6 5. Bg2 Nc6 6. Nf3 Be7 7. Nc3 d5 8. O-O
Nf6 9. Ng5 h6 10. Nxe6 fxe6 11. e4 d4 12. Ne2 e5 13. f4 Qb6 14. fxe5 Nxe5 15.
c4 Nxc4 16. Qa4+ Qc6 17. Qxc4 b5 18. Nxd4 1-0

[Event "Lichtenrader Herbst 2007"]
[Site "?"]
[Date "2007.10.19"]
[Round "6.11"]
[White "Strehlow, Horst"]
[Black "Anibar, Ahmed"]
[Result "0-1"]
[WhiteElo "2111"]
[BlackElo "2195"]
[PlyCount "54"]
[EventDate "2007.??.??"]

1. e4 c5 2. Nf3 Nc6 3. d4 cxd4 4. Nxd4 e5 5. Nf5 d5 6. exd5 Bxf5 7. dxc6 Qxd1+
8. Kxd1 bxc6 9. Bd3 e4 10. Bc4 Bc5 11. Ke2 Bg4+ 12. f3 exf3+ 13. gxf3 Bh5 14.
Be3 Be7 15. Bb3 Bf6 16. c3 O-O-O 17. Nd2 Ne7 18. Ne4 Nf5 19. Nxf6 gxf6 20. Bf4
Nh4 21. Kf2 Bxf3 22. Rhe1 Bh5 23. Bc4 Rde8 24. Ba6+ Kd7 25. Rxe8 Rxe8 26. Re1
Rxe1 27. Kxe1 Ng2+ 0-1

[Event "Lichtenrader Herbst 2007"]
[Site "?"]
[Date "2007.10.19"]
[Round "6.12"]
[White "Jahnz, Fabian"]
[Black "Kachibadze, Georg"]
[Result "1/2-1/2"]
[WhiteElo "2193"]
[BlackElo "2062"]
[PlyCount "86"]
[EventDate "2007.??.??"]

1. e4 c5 2. Nf3 d6 3. d4 cxd4 4. Nxd4 Nf6 5. Nc3 a6 6. Bg5 e6 7. f4 Be7 8. Qf3
Nbd7 9. O-O-O Qc7 10. Bd3 b5 11. Bxf6 Nxf6 12. e5 Bb7 13. Qe2 Nd5 14. Nxd5 Bxd5
15. Kb1 dxe5 16. fxe5 Bc5 17. Nb3 Bb6 18. Qg4 g6 19. Be4 Bxe4 20. Qxe4 O-O 21.
h4 Rac8 22. h5 Qc6 23. Nd2 f5 24. exf6 Rxf6 25. c3 Qxe4+ 26. Nxe4 Rf4 27. Ng5
Rg4 28. Nxe6 Rc6 29. Rhe1 gxh5 30. Re2 Kf7 31. Rf1+ Kg6 32. Nf8+ Kh6 33. Rf7
Rc7 34. Re6+ Kg5 35. Nxh7+ Kh4 36. Rxc7 Bxc7 37. Re2 Rf4 38. Re7 Bb6 39. Re6
Bg1 40. Rf6 Rxf6 41. Nxf6 Kg5 42. Nxh5 Kxh5 43. b4 Kg5 1/2-1/2

[Event "Lichtenrader Herbst 2007"]
[Site "?"]
[Date "2007.10.19"]
[Round "6.13"]
[White "Zschäbitz, Klaus"]
[Black "Heuer, Thomas"]
[Result "1/2-1/2"]
[WhiteElo "2101"]
[BlackElo "2188"]
[PlyCount "135"]
[EventDate "2007.??.??"]

1. d4 d5 2. Nf3 Nf6 3. Bf4 c6 4. e3 Bg4 5. Nbd2 Nbd7 6. h3 Bxf3 7. Qxf3 e6 8.
Bd3 Be7 9. O-O O-O 10. c3 Re8 11. Rfe1 Nf8 12. Rac1 Qb6 13. b3 Rac8 14. b4 Ng6
15. Bg3 Qd8 16. Qd1 Bd6 17. Bxd6 Qxd6 18. f4 b6 19. Qa4 Qc7 20. Qa3 Qe7 21. Qb2
Red8 22. Rb1 Qc7 23. Qc2 Nf8 24. Nf3 c5 25. Ba6 Rb8 26. dxc5 bxc5 27. b5 N8d7
28. c4 Rb6 29. a4 Nb8 30. cxd5 exd5 31. a5 Rbd6 32. Rbc1 Nxa6 33. bxa6 c4 34.
Qc3 Rxa6 35. Ra1 Rb8 36. Rab1 h6 37. Rxb8+ Qxb8 38. Nd4 Qc7 39. Ra1 Qc5 40. Nf5
Kh7 41. Kh2 Re6 42. a6 g6 43. Nd4 Rb6 44. Ra5 Qe7 45. Nb5 Qd7 46. Qd4 Rxb5 47.
Rxb5 Qxb5 48. Qxa7 Nd7 49. Qa8 Nb6 50. Qb7 Kg7 51. a7 Qc5 52. e4 dxe4 53. Qxe4
c3 54. a8=Q Nxa8 55. Qxa8 c2 56. Qa1+ Kh7 57. Qc1 Qc3 58. h4 h5 59. f5 gxf5 60.
g3 f6 61. Kh3 Kg6 62. Kh2 Qd3 63. Qe1 Kf7 64. Qh1 Qe2+ 65. Kh3 Qd2 66. Qb7+ Kg6
67. Qc8 c1=Q 68. Qg8+ 1/2-1/2

[Event "Lichtenrader Herbst 2007"]
[Site "?"]
[Date "2007.10.19"]
[Round "6.14"]
[White "Cusnariov, Nicolai"]
[Black "Richter, Götz"]
[Result "0-1"]
[WhiteElo "2158"]
[BlackElo "2049"]
[PlyCount "73"]
[EventDate "2007.??.??"]

1. e4 c5 2. Nf3 d6 3. d4 cxd4 4. Nxd4 Nf6 5. Nc3 Nc6 6. Be2 e5 7. Nb3 Be7 8.
O-O O-O 9. f4 a5 10. Be3 a4 11. Nd2 Nd4 12. Nf3 Nxe2+ 13. Qxe2 Qa5 14. a3 Bd7
15. Kh1 Bc6 16. fxe5 dxe5 17. Bg5 h6 18. Bxf6 Bxf6 19. Nd2 Bg5 20. Nc4 Qc5 21.
Rf3 Rad8 22. Ne3 Bxe3 23. Rxe3 Rd4 24. b4 axb3 25. cxb3 Qd6 26. b4 Rd2 27. Qg4
f5 28. Qh5 Qd4 29. Rae1 f4 30. Rh3 b5 31. Qg6 Rf6 32. Qh5 Rd6 33. Qf3 Rf2 34.
Qh5 Bxe4 35. Nxe4 Qxe4 36. Qe8+ Kh7 37. Rxh6+ 0-1

[Event "Lichtenrader Herbst 2007"]
[Site "?"]
[Date "2007.10.19"]
[Round "6.15"]
[White "Grassi, Fabrizio"]
[Black "Stippekohl, Peter"]
[Result "1-0"]
[WhiteElo "1912"]
[BlackElo "2143"]
[PlyCount "101"]
[EventDate "2007.??.??"]

1. d4 d6 2. Nf3 Nf6 3. Bf4 Bg4 4. e3 e6 5. Nbd2 Be7 6. h3 Bh5 7. Be2 c6 8. c4
O-O 9. O-O Nbd7 10. Bh2 a6 11. b4 b5 12. c5 dxc5 13. bxc5 Nd5 14. Rc1 f5 15.
Ne5 Bxe2 16. Qxe2 Nxe5 17. Bxe5 Nf6 18. e4 fxe4 19. Nxe4 Nxe4 20. Qxe4 Qd5 21.
Rfe1 Qxe4 22. Rxe4 Bf6 23. Rce1 Rad8 24. Bxf6 Rxf6 25. Rxe6 Rxe6 26. Rxe6 Rxd4
27. Rxc6 Ra4 28. Rb6 Rxa2 29. c6 Kf7 30. c7 Rc2 31. Rxa6 Rxc7 32. Rb6 Rc1+ 33.
Kh2 Rb1 34. Rb7+ Kf6 35. Rb6+ Ke5 36. Rb7 g6 37. Rxh7 b4 38. Rg7 Kf6 39. Rb7 b3
40. Rb5 b2 41. h4 Ke6 42. g4 Kf7 43. Rb6 Kg7 44. Kg2 Kf7 45. Kf3 Rh1 46. Rxb2
Rxh4 47. Kf4 Rh2 48. Kg5 Rg2 49. Rb7+ Ke8 50. f4 Kf8 51. Kf6 1-0